| 000 | 01963nam a22003854a 4500 | ||
|---|---|---|---|
| 001 | 198122 | ||
| 005 | 20260527204600.0 | ||
| 008 | 260219s2025 esp| ||| |||||||spa|| | ||
| 017 | _aB 14521-2025 | ||
| 020 | _a9788401037016 | ||
| 040 |
_aES-MaBCO _bspa _cES-MaBCO _erda |
||
| 072 | 7 | _a25 | |
| 072 | 7 | _a29 | |
| 100 | 1 |
_aCerdán, Manuel _9242848 |
|
| 245 | 1 | 0 |
_aGuerra sucia / _cManuel Cerdán. |
| 250 | _aPrimera edición: octubre de 2025. | ||
| 264 | 1 |
_aBarcelona : _bPlaza Janés, _c2025. |
|
| 300 |
_a699 páginas : _bilustraciones (blanco y negro) ; _c23 cm |
||
| 336 |
_aTexto _2rdacontent |
||
| 337 |
_asin mediaciâon _2rdamedia |
||
| 338 |
_avolumen _2rdacarrier |
||
| 500 | _a"Penguin Random House Grupo Editorial, S.A.U." | ||
| 500 | _aEn la cubierta: Mercenarios contra ETA: de Franco a los GAL. | ||
| 500 | _aRegistro provisional. A-16055. Depósito 1 | ||
| 520 | 3 | _aResumen: "La guerra sucia contra ETA se mantuvo activa durante algo mâas de una dâecada. Desde la primera acciâon planificada por el Batallâon Vasco Espaänol en junio de 1975, hasta el asesinato de un joven electricista en Hendaya a manos de los GAL en julio de 1987, los escuadrones de la muerte -nacidos a la sombra del franquismo, y alimentados durante los gobiernos de Felipe Gonzâalez por los fondos reservados del Estado- perpetraron mâas de un centenar de acciones violentas que acabaron con la vida de ochenta personas y provocaron una profunda grieta en los cimientos de la democracia que intentaba abrirse paso en nuestro paâis..." | |
| 610 | 2 | 4 |
_aEuskadi ta Askatasuna. _9242849 |
| 650 | 4 |
_aViolencia de estado. _9242850 |
|
| 651 | 4 |
_aEspaäna. _9242851 |
|
| 852 |
_aES-MaACL _cDEPO1 _jA-16055 _xEncuadernación rustico _zEn proceso |
||
| 942 |
_2udc _cMONOGRAFIA _n0 |
||
| 999 |
_c198122 _d198122 |
||